000 00884nam a22001817a 4500
003 OSt
005 20260414083646.0
008 260414b |||||||| |||| 00| 0 eng d
040 _aDWCL GS lib
_cOC
082 _aFic. W854c 1994
100 _aWooderson, Philip
245 _achillers spooked
_cPhilip Wooderson
260 _aLondon
_bA&C black Ltd
_cc1994
300 _a64
_billustrations
_c20cm
520 _a"Spooked," a title in the Chillers children's horror series by Philip Wooderson (1996), follows a boy named Pete who finds a desperate "Please help me" note from a girl named Lisa inside a locked drawer in an old chest. Driven to uncover the mystery, Pete explores a creepy, abandoned house during Halloween, turning his investigation into a frightening experience.
546 _aEnglish
942 _2ddc
_cFIC.
_hFic. W854c 1994
_n0
999 _c9410
_d9410